000 00333nam a22001457a 4500
008 230427b ||||| |||| 00| 0 eng d
020 _a0192116495
041 _aeng
080 _a030
082 _a030DAR
100 _a44
101 _aFJALOR
245 _aTHE CONCISE OXFORD DICTIONARY OF ARCHEOLOGY
_cDARVILL
942 _2udc
_cBK
999 _c59628
_d59628